Motivačné programy zamestnancov vo vybranom podniku bakalárska práca

Saved in:
Bibliographic Details
Main Author: Vojteková, Nikola
Corporate Author: Fakulta podnikového manažmentu EU. Katedra manažmentu
Other Authors: Vogl, Michaela
Format: Book
Language:Slovak
Published: Bratislava 2015
Tags: Add Tag
No Tags, Be the first to tag this record!

MARC

LEADER 00000nbm a2200000 4500
001 0204091
005 20161212101916.1
041 0 |a slo 
044 |a SK 
245 1 0 |a Motivačné programy zamestnancov vo vybranom podniku  |b bakalárska práca  |c Nikola Vojteková ; školiteľ: Michaela Vogl 
264 1 |a Bratislava  |c 2015 
300 |a 42 s. 
100 1 |a Vojteková, Nikola 
700 1 |a Vogl, Michaela 
710 2 |a Fakulta podnikového manažmentu EU. Katedra manažmentu